000 00856nam a2200241 i 4500
001 bg
946 _uzamówienie stałe
100 1 _aGUTKOWSKI, Bogdan
245 1 0 _aAktualne przepisy w ochronie środowiska i inwestycjach :
_bsuplement 1 /
_caut. Bogdan Gutkowski ; Agencja Ochrony Środowiska w Koszalinie.
250 _aStan prawny na dzień 15.08.2004 r.
260 _aKoszalin :
_bAOŚ,
_c2004.
300 _a197 s. ;
_c30 cm.
650 9 _aPrawo ochrony środowiska
_zPolska
_ystan na 2004 r.
655 _aPoradniki
710 0 _aAgencja Ochrony Środowiska (Koszalin)
020 _a8392047311
040 _cBPK
041 0 _apol
080 _a349.6(438)(083.1)
920 _a83-920473-1-1
942 _cKS
008 s pl f |000 0 pol
999 _c44711
_d44711
856 _uhttp://koha.tu.koszalin.pl/cgi-bin/koha/opac-detail.pl?biblionumber=44711
_yKatalog online BPK